000 00828nas a2200289 4500
001 BR9703116
003 BR-BrBNA
005 20231205100306.0
007 ta
008 230509b bl.|||p| |||| 00| 00por d
040 _aBR-BrBNA
_bpor
_cBiblioteca Nacional de Agricultura
041 _a(Pt)
072 _aL01; N10
100 1 _aFerreira, J.H.
100 1 _aBaeta, F. da C.
100 1 _aBaiao, N.C.
100 1 _aSoares, P.R.
100 1 _aCecon, P.R.
245 1 _aPosicionamento de ventiladores em galpoes para frango de corte
650 _aFrango de Corte
650 _aCriacao
650 _aTemperatura
650 _aGalpao
773 0 _tEngenharia na Agricultura (Brazil)
_xISSN 0103-9806
_g(Jan-Mar 1997), v. 5(1) p. 43-62
_wBR9703116
909 _a202311
_bLúcia
_c55
_dLúcia Elande
942 _2AGRIS
_n0
_cANA
999 _c155183
_d155183